All Diseases - Neurology - Statistics

General Stats
  • This quiz has been taken 74 times
    70 since last reset
  • The average score is 11 of 185
Answer Stats
Hint Text Answer % Correct
Dementia Alzheimer's Disease
67%
Movement Disorders Extrapyramidal Parkinson's Disease (Primary)
58%
Movement Disorders Choreas Huntington's Disease
42%
Demyelinating Diseases Multiple Sclerosis
42%
Motor Neuron Diseases Both Upper and Lower Amyotrophic Lateral Sclerosis
37%
Head Injuries Concussion
37%
Seizures & Epilepsy Generalized Seizures Absence Seizures (Petit Mal)
28%
Cerebrovascular Diseases Stroke Ischemic Stroke
26%
Movement Disorders Tics Tourette Syndrome
23%
Cranial Nerve Disorders Bell's Palsy
16%
CNS Infections Acute Meningitis Bacterial Meningitis
14%
Cerebrovascular Diseases Intracranial Hemorrhage Epidural Hemorrhage
14%
Head Injuries Epidural Hemorrhage
14%
Cerebrovascular Diseases Stroke - Anterior Circulation Middle Cerebral Artery Syndrome
14%
Immune Mediated Neuropathies Neuromuscular Junction Myasthenia Gravis
14%
Cerebrovascular Diseases Subarachnoid Hemorrhage
14%
Cerebrovascular Diseases Subdural Hemorrhage
14%
Head Injuries Subdural Hemorrhage
14%
CNS Infections Viral Meningitis
14%
Cerebrovascular Diseases Anterior Cerebral Artery Syndrome
12%
Chronic Fatigue Syndrome Chronic Fatigue Syndrome
12%
Cerebrovascular Diseases Intraparenchymal (Intracerebral) Hemorrhage - Deep
12%
Cerebrovascular Diseases Intraparenchymal (Intracerebral) Hemorrhage - Lobar
12%
Seizures & Epilepsy Lennox-Gastaut Syndrome
12%
Dementia Lewy Body Dementia
12%
Seizures & Epilepsy Myoclonic Seizures
12%
Movement Disorders Progressive Supranuclear Palsy
12%
Dementia Vascular Dementia
12%
Cerebrovascular Diseases Vascular Anomalies Congenital Vascular Malformations Arteriovenous Malformations (AVMs)
9%
Seizures & Epilepsy Atonic Seizures
9%
Seizures & Epilepsy Complex Partial Seizures
9%
Dementia Creutzfeldt-Jakob Disease (CJD)
9%
Muscular Diseases Hereditary Myopathies Duchenne Muscular Dystrophy
9%
Dementia Frontotemporal Dementia
9%
Seizures & Epilepsy Epilepsy Syndromes Juvenile Myoclonic Epilepsy
9%
Brain Tumors Neurocutaneous Syndromes Neurofibromatosis Type 1 (NF1)
9%
Brain Tumors Neurofibromatosis Type 2 (NF2)
9%
Seizures & Epilepsy Partial Seizures Simple Partial Seizures
9%
Movement Disorders Cervical Dystonia - Anterocollis
7%
Movement Disorders Cervical Dystonia - Retrocollis
7%
Movement Disorders Cervical Dystonia - Torticollis
7%
Peripheral Neuropathy Inherited Neuropathies Charcot Marie Tooth Disease (CMT)
7%
Head Injuries Contusion (Brain Hemorrhage & Axonal Shearing Lesions)
7%
Movement Disorders Corticobasal Degeneration (CBD)
7%
Cranial Nerve Disorders Dysphagia
7%
Ataxic Disorders Episodic Ataxia (EA1 and EA2)
7%
Movement Disorders Hyperkinetic Tremors Essential Tremors
7%
Seizures & Epilepsy Generalized Tonic Clonic Seizures (GTCS)
7%
Immune Mediated Neuropathies Guillain-Barré Syndrome
7%
Dementia Korsakoff's Syndrome
7%
Movement Disorders Levodopa induced Dyskinesia
7%
Ataxic Disorders Autosomal Dominant Ataxias Spinocerebellar Ataxias (SCA1 - SCA28)
7%
Spinal Cord Syringomyelia
7%
Cranial Nerve Disorders Trigeminal Neuralgia
7%
Brain Tumors Tuberous Sclerosis
7%
Cerebrovascular Diseases Vertebral & Posterior Inferior Cerebellar Arteries
7%
CNS Infections Encephalitis Viral Encephalitis
7%
Dementia Wernicke's Encephalopathy
7%
Demyelinating Diseases Acute Disseminated Encephalomyelitis (ADEM)
5%
Cerebrovascular Diseases Anterior Choroidal Artery Syndrome
5%
Ataxic Disorders Ataxia Telangiectasia
5%
Cerebrovascular Diseases Basilar Artery
5%
Muscular Diseases Becker Muscular Dystrophy
5%
Movement Disorders Dystonias - Focal Blepharospasm
5%
CNS Infections Pus forming Brain Abscess
5%
Cerebrovascular Diseases Capillary Telangiectasis
5%
Seizures & Epilepsy Women Catamenial Epilepsy
5%
Dementia Chronic Alcoholism
5%
CNS Infections Infectious Focal CNS Lesions CNS Toxoplasmosis
5%
Cerebrovascular Diseases Common Carotid Artery Syndrome
5%
Spinal Cord Compressive Myelopathies Cord Compression - Neoplastic
5%
Dementia Dementia Pugilistica (punch drunk)
5%
Peripheral Neuropathy Polyneuropathies Diabetic Neuropathy
5%
Movement Disorders Dopa Responsive Dystonia (DRD)
5%
Cranial Nerve Disorders Dysphonia
5%
Movement Disorders Dystonia - Plus Syndromes Dystonia Plus Syndromes (HD, PD, WD, CBD, Progressive Supranuclear Palsy etc)
5%
Seizures & Epilepsy Eclampsia
5%
CNS Infections Epidural Abscess
5%
Muscular Diseases Fibromyalgia
5%
Ataxic Disorders Autosomal Recessive Ataxias Friedreich's Ataxia
5%
Cerebrovascular Diseases Internal Carotid Artery Syndrome
5%
Cerebrovascular Diseases Intraventricular Hemorrhage
5%
Movement Disorders Limb Dystonias - Musician's Cramp
5%
Peripheral Neuropathy Lyme DIsease
5%
Brain Tumors Meningiomas
5%
Immune Mediated Neuropathies Neuropathies with Monoclonal Gammopathies Multiple Myeloma
5%
Spinal Cord Myelitis
5%
Movement Disorders Myoclonus Myoclonus
5%
Dementia Normal Pressure Hydrocephalus
5%
Cerebrovascular Diseases Stroke - Posterior Circulation Posterior Cerebral Artery P1 Syndrome
5%
Cerebrovascular Diseases P2 Syndrome
5%
Head Injuries Post Concussion Syndrome
5%
Peripheral Neuropathy Radial Neuropathy at spiral groove (writst drop)
5%
Brain Tumors Schwannomas
5%
Spinal Cord Spinal Epidural Abscess
5%
Seizures & Epilepsy Status Epilepticus Status Epilepticus
5%
CNS Infections Subacute Sclerosing Panencephalitis
5%
Movement Disorders Sydenham's Chorea (Saint Vitus' Dance)
5%
Movement Disorders Drug Induced Tardive Syndromes
5%
Motor Neuron Diseases Tay-Sach's Disease
5%
Cranial Nerve Disorders Tongue Paralysis
5%
Cerebrovascular Diseases Transient Ischemic Attacks
5%
Dementia Vitamin B12 Deficiency
5%
Brain Tumors Primary Tumors Astrocytomas
2%
Seizures & Epilepsy Atypical Absence Seizures
2%
Peripheral Neuropathy Mononeuropathies Carpal Tunnel Syndrome
2%
Immune Mediated Neuropathies Chronic Inflammatory Demyelinating Polyneuropathy (CIDP)
2%
Brain Tumors CNS Lymphoma
2%
Muscular Diseases Congenital Muscular Dystrophy
2%
Ataxic Disorders Dentatorubropallidoluysian Atrophy (DRPLA)
2%
Muscular Diseases Dermatomyositis
2%
Brain Tumors Ependymomas
2%
Motor Neuron Diseases Familial Spastic Paraplegia
2%
Movement Disorders Hemiballismus
2%
Peripheral Neuropathy Herpes Zoster
2%
Peripheral Neuropathy Infection and Peripheral Neuropathies HIV
2%
Muscular Diseases Inclusion Body Myositis
2%
Peripheral Neuropathy Leprous Neuritis
2%
Movement Disorders Limb Dystonias - Writer's Cramp
2%
Brain Tumors Medulloblastomas
2%
Ataxic Disorders Mitochondrial Ataxias
2%
Immune Mediated Neuropathies Monoclonal Gammopathy of Undetermined Significance (MGUS)
2%
Brain Tumors Oligodendrogliomas
2%
Movement Disorders Parkinson's Disease (Secondary) - Vascular Parkinsonism
2%
Seizures & Epilepsy Partial Seizures with Secondary Generalization
2%
Peripheral Neuropathy Peroneal Nerve Entrapment at fibular head (foot drop)
2%
Muscular Diseases Polymyalgia Rheumatica
2%
Muscular Diseases Inflammatory Myopathies Polymyositis
2%
CNS Infections Progressive Multifocal Leukoencephalopathy
2%
CNS Infections Progressive Rubella Panencephalitis
2%
Peripheral Neuropathy Pyridoxine deficiency
2%
Movement Disorders Dystonias - Secondary Secondary Dystonias
2%
Head Injuries Skull Fractures
2%
Spinal Cord Non-Compressive Myelopathies Spinal Cord Infarction
2%
Spinal Cord Subacute Combined Degeneration
2%
Peripheral Neuropathy Subacute Combined Degeneration
2%
CNS Infections Suppurative Thrombophlebitis
2%
Peripheral Neuropathy Tangier Disease (TD)
2%
Peripheral Neuropathy Ulnar Nerve Entrapment (UNE) at elbow
2%
Peripheral Neuropathy Ulnar Nerve Entrapment (UNE) at wrist
2%
Cerebrovascular Diseases Venous Anomalies
2%
Cerebrovascular Diseases Acquired Vascular Lesions
0%
Cranial Nerve Disorders Cavernous Sinus Syndrome
0%
Muscular Diseases Distal Myopathies
0%
Peripheral Neuropathy Nutritional Neuropathies Dry Beri Beri
0%
Muscular Diseases Emery-Dreifuss Muscular Dystrophy
0%
Muscular Diseases Facioscapulohumeral Muscular Dystrophy
0%
Peripheral Neuropathy Familial Amyloid Neuropathy
0%
Spinal Cord Familial Spastic Paraplegia
0%
Peripheral Neuropathy Femoral Neuropathy
0%
Cranial Nerve Disorders Glossopharyngeal Neuralgia
0%
Spinal Cord Hematomyelia
0%
Peripheral Neuropathy Hereditary Motor Neuropathies (HMN)
0%
Peripheral Neuropathy Hereditary Sensory Neuropathies (HSN)
0%
Spinal Cord Hypocuric Myelopathy
0%
Movement Disorders Dystonias - Primary Idiopathic Torsion Dystonia (Oppenheim's dystonia)
0%
Brain Tumors Metastasis to Brain Leptomeningeal Metastasis
0%
Movement Disorders Limb Dystonias - The Yips (putting in Golf)
0%
Muscular Diseases Limb-Girdle Muscular Dystrophy
0%
Movement Disorders Meige's Syndrome
0%
Peripheral Neuropathy Meralgia Paresthetica
0%
Seizures & Epilepsy Mesial Temporal Lobe Epilepsy Syndrome
0%
Motor Neuron Diseases Multifocal Motor Neuropathy
0%
Cranial Nerve Disorders Multiple Cranial Nerve Palsies
0%
Muscular Diseases Myotonic Dystrophy
0%
Peripheral Neuropathy Obturator Neuropathy
0%
Muscular Diseases Oculopharyngeal Dystrophy
0%
Movement Disorders Oromandibular dystonia (OMD)
0%
Peripheral Neuropathy Porphyric Neuropathy
0%
Motor Neuron Diseases Upper Motor Neuron Disease Primary Lateral Sclerosis
0%
Brain Tumors Primitive Neuroectodermal Tumors (PNET)
0%
Peripheral Neuropathy Refsum Disease
0%
Peripheral Neuropathy Sciatic Neuropathy
0%
Movement Disorders Spasmodic Dystonia
0%
Spinal Cord Spinal Epidural Hematoma
0%
Motor Neuron Diseases Spinal Muscular Atrophy
0%
Spinal Cord Chronic Myelopathies Spondylitic Myelopathy
0%
CNS Infections Subacute Meningitis
0%
CNS Infections Subdural Empyema
0%
Spinal Cord Tabes Dorsalis
0%
Peripheral Neuropathy Tarsal Tunnel Syndrome
0%
Peripheral Neuropathy Thoracic Outlet Syndrome
0%
Peripheral Neuropathy Toxin Induced Neuropathies
0%
Brain Tumors Von Hippel-Lindau Syndrome
0%
Motor Neuron Diseases Lower Motor Neuron Disorders X-Linked Spinobulbar Muscular Atrophy (Kennedy's Disease)
0%
No matching quizzes found
Score Distribution
Percent of People with Each Score
Percentile by Number Answered
Your Score History
You have not taken this quiz since the last reset